Innovative daylighting systems (Record no. 93073)
[ view plain ]
| 000 -LEADER | |
|---|---|
| fixed length control field | 00537cam a2200217 4500 |
| 001 - CONTROL NUMBER | |
| control field | B2832 |
| 008 - FIXED-LENGTH DATA ELEMENTS--GENERAL INFORMATION | |
| fixed length control field | 090401t1989 xxu||||| |||| 00| 0 eng d |
| 035 ## - SYSTEM CONTROL NUMBER | |
| System control number | (Sirsi) u52452 |
| 041 ## - LANGUAGE CODE | |
| Language code of text/sound track or separate title | eng |
| 050 ## - LIBRARY OF CONGRESS CALL NUMBER | |
| Classification number | 729.28 |
| 100 ## - MAIN ENTRY--PERSONAL NAME | |
| Personal name | Littlefair, P.J. |
| 245 ## - TITLE STATEMENT | |
| Title | Innovative daylighting systems |
| 260 ## - PUBLICATION, DISTRIBUTION, ETC. | |
| Place of publication, distribution, etc. | London |
| Name of publisher, distributor, etc. | Building Research Establishment |
| Date of publication, distribution, etc. | 1989 |
| 300 ## - PHYSICAL DESCRIPTION | |
| Extent | (4)p. : ill. ; 30cm. |
| 350 ## - PRICE (NR) (BK AM CF MU VM SE) [OBSOLETE] | |
| Price | 0 |
| 490 ## - SERIES STATEMENT | |
| Series statement | BRE Information Paper |
| Volume/sequential designation | 22/89 |
| 650 ## - SUBJECT ADDED ENTRY--TOPICAL TERM | |
| Topical term or geographic name entry element | DAYLIGHT |
| 650 ## - SUBJECT ADDED ENTRY--TOPICAL TERM | |
| Topical term or geographic name entry element | LIGHTING |
| 942 ## - ADDED ENTRY ELEMENTS (KOHA) | |
| Suppress in OPAC | 0 |
| 948 ## - LOCAL PROCESSING INFORMATION (OCLC); SERIES PART DESIGNATOR (RLIN) | |
| c (OCLC) | 04/03/1997 |
| Withdrawn status | Lost status | Source of classification or shelving scheme | Damaged status | Not for loan | Home library | Current library | Shelving location | Date acquired | Total Checkouts | Full call number | Barcode | Date last seen | Date last checked out | Copy number | Price effective from | Koha item type |
|---|---|---|---|---|---|---|---|---|---|---|---|---|---|---|---|---|
| Dewey Decimal Classification | London | London | Boxed set | 14/09/1999 | 1 | BOXED SET | 30022041 | 06/08/2019 | 24/07/2001 | 1 | 06/08/2019 | Book | ||||
| Dewey Decimal Classification | London | London | Boxed set | 19/08/1991 | BOXED SET | 30022042 | 06/08/2019 | 2 | 06/08/2019 | Book |